Finančné vzdelávanie s využitím prostriedkov IKT

Príspevok poukazuje na prepojenie informačnej a finančnej gramotnosti, hovorí o vzťahoch medzi týmito druhmi gramotností a poukazuje na vybrané formy využívania IKT v rámci finančného vzdelávania.

Enregistré dans:
Détails bibliographiques
Auteur principal: Pasiar, Ladislav, 1984-
Format: Chapitre de livre
Langue:slovaque
Sujets:
Tags: Ajouter un tag
Pas de tags, Soyez le premier à ajouter un tag!

MARC

LEADER 00000nla a2200000 4500
001 0159399
005 20240502083352.1
041 0 |a slo 
044 |a CZ 
245 1 0 |a Finančné vzdelávanie s využitím prostriedkov IKT  |c Ladislav Pasiar 
520 |a Príspevok poukazuje na prepojenie informačnej a finančnej gramotnosti, hovorí o vzťahoch medzi týmito druhmi gramotností a poukazuje na vybrané formy využívania IKT v rámci finančného vzdelávania. 
610 2 0 |a technológie informačné 
610 2 0 |a technológie komunikačné 
610 2 0 |a vzdelávanie 
610 2 0 |a informácie 
610 2 0 |a gramotnosť informačná 
610 2 0 |a gramotnosť finančná 
100 1 |a Pasiar, Ladislav, 1984-